Mixed nuts (Record no. 20985)
[ view plain ]
| 000 -LEADER | |
|---|---|
| fixed length control field | 03157cgm a2200745Ia 4500 |
| 003 - CONTROL NUMBER IDENTIFIER | |
| control field | OCoLC |
| 005 - DATE AND TIME OF LATEST TRANSACTION | |
| control field | 20241220111826.0 |
| 008 - FIXED-LENGTH DATA ELEMENTS--GENERAL INFORMATION | |
| fixed length control field | 050926p20031994cau097 vleng d |
| 001 - CONTROL NUMBER | |
| control field | ocm61708894 |
| 020 ## - INTERNATIONAL STANDARD BOOK NUMBER | |
| International Standard Book Number | 0767868218 |
| 020 ## - INTERNATIONAL STANDARD BOOK NUMBER | |
| International Standard Book Number | 9780767868211 |
| 024 1# - OTHER STANDARD IDENTIFIER | |
| Standard number or code | 043396065345 |
| 028 42 - PUBLISHER NUMBER | |
| Publisher number | 06534 |
| Source | TriStar |
| 035 ## - SYSTEM CONTROL NUMBER | |
| System control number | (Sirsi) i9780767868211 |
| 035 ## - SYSTEM CONTROL NUMBER | |
| System control number | (OCoLC)61708894 |
| 040 ## - CATALOGING SOURCE | |
| Original cataloging agency | BGC |
| Transcribing agency | BGC |
| Modifying agency | UINTA |
| 041 0# - LANGUAGE CODE | |
| Language code of text/sound track or separate title | eng |
| -- | fre |
| Language code of summary or abstract/overprinted title or subtitle | chi |
| -- | eng |
| -- | fre |
| -- | kor |
| -- | por |
| -- | spa |
| -- | tha |
| 049 ## - LOCAL HOLDINGS (OCLC) | |
| Holding library | UCLB |
| 082 04 - DEWEY DECIMAL CLASSIFICATION NUMBER | |
| Classification number | 791.43/72 |
| Edition number | 22 |
| 082 ## - DEWEY DECIMAL CLASSIFICATION NUMBER | |
| Classification number | 791.437 |
| 092 ## - LOCALLY ASSIGNED DEWEY CALL NUMBER (OCLC) | |
| Classification number | 791.437 |
| 245 00 - TITLE STATEMENT | |
| Title | Mixed nuts |
| Medium | [videorecording] / |
| Statement of responsibility, etc | TriStar Pictures presents a Witt/Thomas production ; screenplay by Nora Ephron & Delia Ephron ; directed by Nora Ephron. |
| 250 ## - EDITION STATEMENT | |
| Edition statement | Full screen version. |
| 260 ## - PUBLICATION, DISTRIBUTION, ETC. (IMPRINT) | |
| Place of publication, distribution, etc | Culver City, Calif. : |
| Name of publisher, distributor, etc | Columbia TriStar Home Entertainment, |
| Date of publication, distribution, etc | c2003. |
| 300 ## - PHYSICAL DESCRIPTION | |
| Extent | 1 videodisc (97 min.) : |
| Other physical details | sd., col. ; |
| Dimensions | 4 3/4 in. |
| 538 ## - SYSTEM DETAILS NOTE | |
| System details note | DVD, full screen presentation; Dolby digital and 2-channel (Dolby surround), digitally mastered audio. |
| 546 ## - LANGUAGE NOTE | |
| Language note | In English or French; subtitles: English, French, Spanish, Portuguese, Chinese, Korean, Thai. |
| 546 ## - LANGUAGE NOTE | |
| Language note | Closed captioned. |
| 500 ## - GENERAL NOTE | |
| General note | "Re-formatted to fit your TV"--Container insert. |
| 511 0# - PARTICIPANT OR PERFORMER NOTE | |
| Participant or performer note | Steve Martin, Madeline Kahn, Robert Klein, Anthony LaPaglia, Juliette Lewis, Rob Reiner, Adam Sandler, Rita Wilson. |
| 508 ## - CREATION/PRODUCTION CREDITS NOTE | |
| Creation/production credits note | Music by George Fenton ; executive producers, Delia Ephron, James W. Skotchdopole ; produced by Paul Junger Witt, Tony Thomas, Joseph Hartwick. |
| 500 ## - GENERAL NOTE | |
| General note | Based on "Le Père Noël est une ordure." |
| 500 ## - GENERAL NOTE | |
| General note | Originally produced as a motion picture in 1994. |
| 521 8# - TARGET AUDIENCE NOTE | |
| Target audience note | MPAA rating: PG-13 for sex-related humor. |
| 520 ## - SUMMARY, ETC. | |
| Summary, etc | A wild and wacky comedy about oddball characters in Los Angeles at Christmastime, centered around a suicide hotline service. |
| 500 ## - GENERAL NOTE | |
| General note | Special features: filmographies; theatrical trailers; interactive menus; and scene selections. |
| 506 ## - RESTRICTIONS ON ACCESS NOTE | |
| Terms governing access | For private home use only. |
| 650 #0 - SUBJECT ADDED ENTRY--TOPICAL TERM | |
| Topical term or geographic name as entry element | Suicide |
| General subdivision | Prevention |
| Form subdivision | Drama. |
| 9 (RLIN) | 6502092 |
| 650 #0 - SUBJECT ADDED ENTRY--TOPICAL TERM | |
| Topical term or geographic name as entry element | Hotlines (Counseling) |
| Form subdivision | Drama. |
| 9 (RLIN) | 6502093 |
| 651 #0 - SUBJECT ADDED ENTRY--GEOGRAPHIC NAME | |
| Geographic name | Los Angeles (Calif.) |
| Form subdivision | Drama. |
| 9 (RLIN) | 6146417 |
| 655 #0 - INDEX TERM--GENRE/FORM | |
| Genre/form data or focus term | Christmas films. |
| 9 (RLIN) | 5675361 |
| 655 #0 - INDEX TERM--GENRE/FORM | |
| Genre/form data or focus term | Film adaptations. |
| 9 (RLIN) | 6119356 |
| 655 #0 - INDEX TERM--GENRE/FORM | |
| Genre/form data or focus term | Feature films. |
| 9 (RLIN) | 6119357 |
| 655 #0 - INDEX TERM--GENRE/FORM | |
| Genre/form data or focus term | Comedy films. |
| 9 (RLIN) | 6119358 |
| 655 #0 - INDEX TERM--GENRE/FORM | |
| Genre/form data or focus term | Video recordings for the hearing impaired. |
| 9 (RLIN) | 6119359 |
| 700 1# - ADDED ENTRY--PERSONAL NAME | |
| Personal name | Martin, Steve, |
| Dates associated with a name | 1945- |
| 9 (RLIN) | 4788 |
| 700 1# - ADDED ENTRY--PERSONAL NAME | |
| Personal name | Kahn, Madeline. |
| 9 (RLIN) | 7018 |
| 700 1# - ADDED ENTRY--PERSONAL NAME | |
| Personal name | Klein, Robert, |
| Dates associated with a name | 1942- |
| 9 (RLIN) | 16933 |
| 700 1# - ADDED ENTRY--PERSONAL NAME | |
| Personal name | LaPaglia, Anthony. |
| 9 (RLIN) | 46625 |
| 700 1# - ADDED ENTRY--PERSONAL NAME | |
| Personal name | Lewis, Juliette. |
| 9 (RLIN) | 61330 |
| 700 1# - ADDED ENTRY--PERSONAL NAME | |
| Personal name | Reiner, Rob. |
| 9 (RLIN) | 75878 |
| 700 1# - ADDED ENTRY--PERSONAL NAME | |
| Personal name | Sandler, Adam. |
| 9 (RLIN) | 62036 |
| 700 1# - ADDED ENTRY--PERSONAL NAME | |
| Personal name | Wilson, Rita. |
| 9 (RLIN) | 62081 |
| 700 1# - ADDED ENTRY--PERSONAL NAME | |
| Personal name | Ephron, Nora. |
| 9 (RLIN) | 1813 |
| 700 1# - ADDED ENTRY--PERSONAL NAME | |
| Personal name | Ephron, Delia. |
| 9 (RLIN) | 6119360 |
| 700 1# - ADDED ENTRY--PERSONAL NAME | |
| Personal name | Witt, Paul Junger, |
| Dates associated with a name | 1941- |
| 9 (RLIN) | 63566 |
| 700 1# - ADDED ENTRY--PERSONAL NAME | |
| Personal name | Thomas, Tony, |
| Titles and other words associated with a name | producer. |
| 9 (RLIN) | 63755 |
| 700 1# - ADDED ENTRY--PERSONAL NAME | |
| Personal name | Hartwick, Joseph. |
| 9 (RLIN) | 65891 |
| 700 1# - ADDED ENTRY--PERSONAL NAME | |
| Personal name | Fenton, George. |
| 9 (RLIN) | 19348 |
| 710 2# - ADDED ENTRY--CORPORATE NAME | |
| Corporate name or jurisdiction name as entry element | Tri-Star Pictures. |
| 9 (RLIN) | 36498 |
| 710 2# - ADDED ENTRY--CORPORATE NAME | |
| Corporate name or jurisdiction name as entry element | Columbia TriStar Home Entertainment (Firm) |
| 9 (RLIN) | 66838 |
| 942 ## - ADDED ENTRY ELEMENTS (KOHA) | |
| Koha item type | DVD |
| 994 ## - | |
| -- | C0 |
| -- | UINTA |
| 998 ## - LOCAL CONTROL INFORMATION (RLIN) | |
| -- | a42664 |
| Withdrawn status | Lost status | Source of classification or shelving scheme | Damaged status | Not for loan | Collection code | Home library | Current library | Shelving location | Date acquired | Source of acquisition | Cost, normal purchase price | Total Checkouts | Total Renewals | Full call number | Barcode | Date last seen | Date checked out | Cost, replacement price | Price effective from | Koha item type |
|---|---|---|---|---|---|---|---|---|---|---|---|---|---|---|---|---|---|---|---|---|
| Dewey Decimal Classification | Holiday Movies | Wasatch County Library | Wasatch County Library | Audio Visual Area | 09/26/2012 | 15.95 | 39 | 6 | DVD Mix | 34301001120239 | 12/30/2025 | 12/19/2025 | 15.95 | 03/20/2020 | DVD |
